| 000 | 01764nam0a2200325 4500 | ||
|---|---|---|---|
| 001 | RU\NLR\bibl\1760991 | ||
| 005 | 20260408023737.0 | ||
| 010 |
_a978-5-89847-283-2 _9220 |
||
| 021 |
_aRU _b2011-22765 _91609 |
||
| 035 | _a(nilc)RSL-KNO-004920935 | ||
| 035 | _a(NLR Aleph) 001751807 | ||
| 090 |
_a1523564 _c1523564 |
||
| 100 | _a20110404d2010 |||y0rusy50 ca | ||
| 101 | 0 | _arus | |
| 102 | _aRU | ||
| 105 | _aa ||||||||| | ||
| 200 | 1 |
_aМатериалы 16-й научной конференции студентов, аспирантов и молодых специалистов, г. Дубна, 23 марта - 3 апреля 2009 г. _fМ-во образования Московской обл., ГОУ ВПО МО "Междунар. ун-т природы, о-ва и человека "Дубна" |
|
| 210 |
_aДубна _cМеждунар. ун-т природы, о-ва и человека "Дубна" _d2010 |
||
| 215 |
_a227 с. _cил. _d29 |
||
| 320 | _aБиблиогр. в конце докл. | ||
| 601 | 0 | 2 |
_a"Дубна", международный университет природы, общества и человека _jСборники _xНаучные конференции _92422629 _3RU\NLR\auth\661442628 |
| 686 |
_aЯ431(2Р)31 _2rubbk |
||
| 686 | _aЯ431(2)39 | ||
| 710 | 0 | 2 |
_a"Дубна", международный университет природы, общества и человека _bНаучная конференция студентов, аспирантов и молодых специалистов _d16 _f2009 _3RU\NLR\AUTH\8810184349 _9865247 |
| 801 | 0 |
_aRU _bRuMoRKP _c20110404 _grcr |
|
| 801 | 1 |
_aRU _bРГБ _c20110404 |
|
| 801 | 2 |
_aRU _bNLR _c20110419 _grcr |
|
| 942 | _cBOOK | ||
| 980 | _aNB | ||